|
|
|
|
| LEADER |
03065nam a22004094a 4500 |
| 001 |
EBC178348 |
| 003 |
MiAaPQ |
| 005 |
20200520144314.0 |
| 006 |
m o d | |
| 007 |
cr cn||||||||| |
| 008 |
040916s2005 enk sb 001 0 eng |
| 010 |
|
|
|z 2004021902
|
| 020 |
|
|
|z 0415345189 (alk. paper)
|
| 035 |
|
|
|a (MiAaPQ)EBC178348
|
| 035 |
|
|
|a (Au-PeEL)EBL178348
|
| 035 |
|
|
|a (CaPaEBR)ebr10162971
|
| 035 |
|
|
|a (CaONFJC)MIL16523
|
| 035 |
|
|
|a (OCoLC)317550866
|
| 040 |
|
|
|a MiAaPQ
|c MiAaPQ
|d MiAaPQ
|
| 043 |
|
|
|a a-cc---
|
| 050 |
|
4 |
|a HC427.95
|b .C488 2005
|
| 082 |
0 |
4 |
|a 338.951
|2 22
|
| 245 |
0 |
4 |
|a The Chinese model of modern development
|h [electronic resource] /
|c edited by Tian Yu Cao.
|
| 260 |
|
|
|a London ;
|a New York :
|b RoutledgeCurzon,
|c 2005.
|
| 300 |
|
|
|a xi, 323 p.
|
| 490 |
1 |
|
|a RoutledgeCurzon studies on the Chinese economy ;
|v 14
|
| 504 |
|
|
|a Includes bibliographical references and index.
|
| 505 |
0 |
|
|a Introduction : modernization, globalization and the Chinese path / Tian Yu Cao -- We should encourage institutional innovations / Du Runsheng -- Imagining alternative modernities / Perry Anderson -- Accomplishments and problems : a review of China's reform in the past twenty three years / Yu Guangyuan -- The relationship between China's strategic changes and its industrialization and capitalization / Wen Tiejun -- The historical origin of China's neo-liberalism" : another discussion on the ideological situation in contemporary mainland China and the issue of modernity / Wang Hui -- China's economic transition, social justice, and democratization at the turn of century / Qin Hui -- Theory and practice of the Chinese "market socialism" project : is "market socialism" an alternative to liberal globalization? / Samir Amin -- Rethinking the relationship between the state and society in the age of globalization / Zhu Houze -- Liberal socialism and the future of China : a petty bourgeoisie manifesto / Cui Zhiyuan -- Pension funds and responsible accumulation : the choice facing China / Robin Blackburn -- Ten theses on marxism and the transition to socialism / David Schweickart -- China's governance and political development under the impact of globalization / Yu Keping -- Globalization and economic development / Wan-wen Chu -- What is China's comparative advantage? / Lin Chun -- Globalization and vulnerability : India at the dawn of the 21st century / Amiya Kumar Bagchi -- Conclusion : theory and practice of the Chinese model / Tian Yu Cao.
|
| 533 |
|
|
|a Electronic reproduction. Ann Arbor, MI : ProQuest, 2015. Available via World Wide Web. Access may be limited to ProQuest affiliated libraries.
|
| 651 |
|
0 |
|a China
|x Economic policy
|y 2000-
|
| 651 |
|
0 |
|a China
|x Economic policy
|y 1976-2000.
|
| 651 |
|
0 |
|a China
|x Foreign economic relations.
|
| 655 |
|
4 |
|a Electronic books.
|
| 700 |
1 |
|
|a Cao, Tian Yu,
|d 1941-
|
| 710 |
2 |
|
|a ProQuest (Firm)
|
| 830 |
|
0 |
|a RoutledgeCurzon studies on the Chinese economy ;
|v 14.
|
| 856 |
4 |
0 |
|u https://ebookcentral.proquest.com/lib/matrademy/detail.action?docID=178348
|z Click to View
|